01714 2200229 4500001002100000005001500021008004100036020001500077035001900092041000800111082001100119084001700130100002000147245011900167250001400286260004400300300002300344500009200367500002000459520099200479650001301471INLIS00000000000663620200508203636200508||||||||| | ||| |||| ||ind|| a9794332704 0010-0520006636 aind0 a297.28 a297.28/ARM/S0 aKaren Armstrong00aSejarah Tuhan ; Kisah Pencarian Tuhan Yang Dilakukan oleh Orang-orang Yahudi, Kristen dan Islam Selama 4.000 tahun aCet ke-IX aJakartabSenayan Abadi Publishingc2004 a543p.;23 cmc23 cm aJudul asli ; A History of God : The 4,000-Year Quest of Judaism, Christianity and Islam aIndeks : indeks aTuhan, yang satu, tak terjangkau oleh pikiran manusia, namun Dia dipersepsi secara berbeda-beda oleh berbagai kelompok manusia sepanjang sejarah. Buku ini merekam empat milenium sejarah persepsi manusia tentang realitas tertinggi ini. Berawal dari masa Nabi Ibrahim a.s sekitar abad ke-20 SM, ketika monoteisme untuk pertama kali lahir ditengah agama kesukuan kaum pagan, pengarangnya kemudian melacak bagaimana ide tentang Tuhan bertumbuh, berubah dan saling mempengaruhi dalam tradisi Yahudi, Kristen dan Islam, melintasi berbagai fase sejarahnya hingga akhitr abad keduapuluh. Karen Armstrong adalah seorang pengkaji terkemuka dalam masalah agama di Eropa dan Amerika, dia berhasil menguraikan pernik-pernik perdebatan filosofis dan mistis seputar ketuhanan dalam ketiga agama dan tentang kelahiran fundamentalisme dan gerakan pembaruan agama, serta pengaruh sains dan teknologi terhadap melemahnya peran agama yang menumbuhkan bibit sekularisme dan ateisme didalam masyarakat modern. 0aFilsafat